Análisis y propuesta preliminar de tres modelos de plantas de tratamiento de aguas residuales para el área urbana de la ciudad de Alajuela
Сохранить в:
| Главный автор: | |
|---|---|
| Формат: | |
| Опубликовано: |
[San José, Costa Rica]
2005
|
| Предметы: | |
| Метки: |
Добавить метку
Нет меток, Требуется 1-ая метка записи!
|
MARC
| LEADER | 00000nam a2200000Ia 4500 | ||
|---|---|---|---|
| 003 | 009565 | ||
| 005 | 20221231144128.0 | ||
| 008 | 140114s2005 cr a m 000 ||s d | ||
| 040 | |c cru CEDI | ||
| 090 | |a TFG 5105 | ||
| 100 | |a Solano Carmona, Kenneth |9 5930 | ||
| 245 | |a Análisis y propuesta preliminar de tres modelos de plantas de tratamiento de aguas residuales para el área urbana de la ciudad de Alajuela | ||
| 260 | |c 2005 |a [San José, Costa Rica] | ||
| 300 | |a 149 hojas : ilustraciones, (principalmente a color), 5 mapas | ||
| 500 | |a Proyecto de graduación (licenciatura en ingeniería civil)--Universidad de Costa Rica. Facultad de Ingeniería. Escuela de Ingeniería | ||
| 650 | |x AGUAS RESIDUALES |x MODELOS |x BIODEGRADACION DE AGUAS RESIDUALES |x ZONAS URBANAS |x ALAJUELA (COSTA RICA) |x PURIFICACION DE AGUAS RESIDUALES |9 5931 | ||
| 942 | |c TFG | ||
| 999 | |c 17318 |d 17318 | ||
